00756naa#a2200181#i#4500001001600000005001700016011001400033100004100047102000700088200015900095210003700254215001000291608002700301675015900328700003200487700003200519856002300551EN\\bibl\12058220260430162633.4##a2587-6740##a20260415b2026####ek#y0engy0150####ca##aRU1#aEvaluation of digital elevation models for cartographic support of microzonal-level adaptive landscape agriculture using GIS technologieseJournal article1#aMoscowcElectronic scienced2026##a4 с.##aJournal article2local##aДистанционное зондирование. Методы и приборы. 528.8aОтдельные системы земледелия. 631.58#1aKholodovgDenis Vital'evich#1aSmirnovagLidia Grigor'evna4#astolypinvestnik.ru